000 00793nam a22002177a 4500
003 OSt
005 20160617071621.0
008 160316b xxu||||| |||| 00| 0 eng d
020 _a978-9945-8840-8-1
040 _cRCAA
082 _aRD 347
_bC347s 2014
100 _aCastellanos Khoury, Pedro Justo.
245 _aLa sentencia 168-13 :
_bAntología de una defensa esencial
_cPedro Justo Castellanos Khoury, compilador
260 _aSanto Domingo :
_bTribunal Constitucional de la República Dominicana,
_c2014
300 _a1254 páginas.
504 _aContiene índice.
650 _aTribunal constitucional -- Sentencia 168-13
650 _a Relaciones República Dominicana -- Haití
650 _a Migración ilegal - Regulación
942 _2ddc
_cBK
999 _c407
_d407